States and firms : (Record no. 8830)

MARC details
000 -LEADER
fixed length control field 01442pam a2200349 a 4500
001 - CONTROL NUMBER
control field 1614246
003 - CONTROL NUMBER IDENTIFIER
control field OSt
005 - DATE AND TIME OF LATEST TRANSACTION
control field 20240625144039.0
008 - FIXED-LENGTH DATA ELEMENTS--GENERAL INFORMATION
fixed length control field 950208s1995 enka bs 001 0 eng
010 ## - LIBRARY OF CONGRESS CONTROL NUMBER
LC control number 95006974
020 ## - INTERNATIONAL STANDARD BOOK NUMBER
International Standard Book Number 0415103797
040 ## - CATALOGING SOURCE
Original cataloging agency DLC
Transcribing agency must
Modifying agency DLC
043 ## - GEOGRAPHIC AREA CODE
Geographic area code e-fr---
-- e-gx---
082 00 - DEWEY DECIMAL CLASSIFICATION NUMBER
Classification number 338.8/8 SAL 1995
Edition number 20
100 1# - MAIN ENTRY--PERSONAL NAME
Personal name Sally, Razeen,
Dates associated with a name 1965-
9 (RLIN) 17843
245 10 - TITLE STATEMENT
Title States and firms :
Remainder of title multinational enterprises in institutional competition /
Statement of responsibility, etc. Razeen Sally.
260 ## - PUBLICATION, DISTRIBUTION, ETC. (IMPRINT)
Place of publication, distribution, etc. London ;
-- New York :
Name of publisher, distributor, etc. Routledge,
Date of publication, distribution, etc. 1995.
300 ## - PHYSICAL DESCRIPTION
Extent xi, 254 p. :
Other physical details ill. ;
Dimensions 23 cm.
440 #0 - SERIES STATEMENT/ADDED ENTRY--TITLE
Title Routledge studies in international business and the world economy,
International Standard Serial Number 1349-7906 ;
Volume/sequential designation 1
9 (RLIN) 17844
500 ## - GENERAL NOTE
General note Revision of the author's thesis (Ph.D.)--London School of Economics, 1992.
504 ## - BIBLIOGRAPHY, ETC. NOTE
Bibliography, etc Includes bibliographical references (p. 233-241) and indexes.
650 #0 - SUBJECT ADDED ENTRY--TOPICAL TERM
Topical term or geographic name as entry element International business enterprises.
9 (RLIN) 3738
650 #0 - SUBJECT ADDED ENTRY--TOPICAL TERM
Topical term or geographic name as entry element Corporations, French.
9 (RLIN) 17845
650 #0 - SUBJECT ADDED ENTRY--TOPICAL TERM
Topical term or geographic name as entry element Corporations, German.
9 (RLIN) 17846
650 #0 - SUBJECT ADDED ENTRY--TOPICAL TERM
Topical term or geographic name as entry element Chemical industry.
9 (RLIN) 17847
650 #0 - SUBJECT ADDED ENTRY--TOPICAL TERM
Topical term or geographic name as entry element Electronic industries.
9 (RLIN) 17848
650 #0 - SUBJECT ADDED ENTRY--TOPICAL TERM
Topical term or geographic name as entry element Competition, International.
9 (RLIN) 1910
856 42 - ELECTRONIC LOCATION AND ACCESS
Materials specified Publisher description
Uniform Resource Identifier <a href="http://www.loc.gov/catdir/enhancements/fy0648/95006974-d.html">http://www.loc.gov/catdir/enhancements/fy0648/95006974-d.html</a>
906 ## - LOCAL DATA ELEMENT F, LDF (RLIN)
a 7
b cbc
c orignew
d 1
e ocip
f 19
g y-gencatlg
942 ## - ADDED ENTRY ELEMENTS (KOHA)
Source of classification or shelving scheme Dewey Decimal Classification
Koha item type Open Shelf
Holdings
Withdrawn status Lost status Source of classification or shelving scheme Damaged status Not for loan Home library Current library Date acquired Source of acquisition Inventory number Total Checkouts Full call number Barcode Date last seen Price effective from Koha item type
    Dewey Decimal Classification     MUST Main Library MUST Main Library 25/06/2024 purchase 03/19992   338.8/8 SAL 1995 2024-21300 25/06/2024 25/06/2024 Open Shelf
    Dewey Decimal Classification     MUST Main Library MUST Main Library 02/07/2024 purchase 03/19995   338.8/8 SAL 1995 2024-21658 02/07/2024 02/07/2024 Open Shelf
    Dewey Decimal Classification     MUST Main Library MUST Main Library 02/07/2024 purchase 03/19994   338.8/8 SAL 1995 2024-21659 02/07/2024 02/07/2024 Open Shelf
    Dewey Decimal Classification     MUST Main Library MUST Main Library 17/07/2024   03/19993   338.8/8 SAL 1995 2024-22012 17/07/2024 17/07/2024 Open Shelf